[Event "Nottingham 4NCL Major op"]
[Site "Nottingham"]
[Date "2018.09.30"]
[Round "5"]
[White "Reed, John"]
[Black "Davies, Sam"]
[Result "1-0"]
[WhiteElo "1902"]
[BlackElo "1698"]
[PlyCount "137"]
[EventDate "2018.09.28"]
[EventType "swiss"]
[EventRounds "5"]
[EventCountry "ENG"]
[SourceTitle "CBM 187 Extra"]
[Source "ChessBase"]
[SourceDate "2018.11.04"]
[SourceVersion "1"]
[SourceVersionDate "2018.11.04"]
[SourceQuality "1"]

1. d4 Nf6 2. Bg5 c6 3. Nf3 d5 4. e3 Bg4 5. Be2 e6 6. 0-0 Be7 7. Nbd2 0-0 8. h3 Bh5 9. c4 h6 10. Bh4 Nbd7 11. Qb3 b6 12. Rac1 c5 13. cxd5 Nxd5 14. Bxe7 Qxe7 15. Bb5 cxd4 16. Nxd4 Nc5 17. Qa3 Qh4 18. N2f3 Bxf3 19. Nxf3 Qb4 20. Qxb4 Nxb4 21. a3 Nbd3 22. Rc2 a6 23. Bxd3 Nxd3 24. Rd1 Nc5 25. b4 Ne4 26. Rc4 Nf6 27. Rc6 b5 28. Ne5 Rfc8 29. Rxc8+ Rxc8 30. Rd6 Rc1+ 31. Kh2 Ne4 32. Rxa6 Nxf2 33. Ra8+ Kh7 34. Nxf7 Rc3 35. Nd6 Rxe3 36. Nxb5 e5 37. Kg1 Nd1 38. Re8 Re1+ 39. Kh2 Re3 40. a4 Re4 41. a5 Rxb4 42. a6 Rxb5 43. a7 Ra5 44. a8Q Rxa8 45. Rxa8 g5 46. Ra6 e4 47. Kg1 Nc3 48. Kf2 Nd5 49. Rd6 Nf4 50. Rd7+ Kg6 51. Re7 Kf5 52. g4+ Kf6 53. Rxe4 Nxh3+ 54. Kf3 Nf4 55. Ra4 Ne6 56. Ra6 Ke5 57. Ke3 Kf6 58. Ke4 Kf7 59. Ke5 Nf8 60. Rxh6 Kg7 61. Ra6 Nh7 62. Kf5 Kf7 63. Ra7+ Kg8 64. Kg6 Nf8+ 65. Kxg5 Ne6+ 66. Kf6 Nf8 67. Ra8 Kh8 68. Rxf8+ Kh7 69. Rf7+ 1-0

[Event "Nottingham 4NCL Major op"]
[Site "Nottingham"]
[Date "2018.09.29"]
[Round "3"]
[White "Reed, John"]
[Black "Graham, Neil"]
[Result "1/2-1/2"]
[WhiteElo "1902"]
[BlackElo "1779"]
[PlyCount "68"]
[EventDate "2018.09.28"]
[EventType "swiss"]
[EventRounds "5"]
[EventCountry "ENG"]
[SourceTitle "CBM 187 Extra"]
[Source "ChessBase"]
[SourceDate "2018.11.04"]
[SourceVersion "1"]
[SourceVersionDate "2018.11.04"]
[SourceQuality "1"]

1. d4 Nf6 2. c4 e5 3. dxe5 Ng4 4. Bf4 g5 5. Bg3 Bg7 6. Nf3 Nc6 7. e3 Ngxe5 8. Nxe5 Bxe5 9. Bxe5 Nxe5 10. Be2 d6 11. Nc3 Be6 12. 0-0 Qd7 13. Rc1 0-0-0 14. Nb5 a6 15. Nd4 Bg4 16. f3 Bh5 17. b4 c5 18. Nc2 Qa4 19. Qd2 Bg6 20. f4 gxf4 21. exf4 Bxc2 22. fxe5 Bg6 23. exd6 cxb4 24. c5 b3 25. Rf4 Qxa2 26. Qxa2 bxa2 27. Ra4 Bb1 28. Bc4 Rhf8 29. Bxa2 Bxa2 30. Rxa2 Kd7 31. Rb2 Rb8 32. Rb6 Rfc8 33. Kf2 Rc6 34. Rxc6 Kxc6 1/2-1/2

[Event "Bolton Easter op"]
[Site "Bolton"]
[Date "2018.03.31"]
[Round "3"]
[White "Reed, John"]
[Black "Hamilton, Selwyn L"]
[Result "1-0"]
[WhiteElo "1891"]
[BlackElo "1668"]
[PlyCount "81"]
[EventDate "2018.03.30"]
[EventType "swiss"]
[EventRounds "5"]
[EventCountry "ENG"]
[SourceTitle "CBM 183 Extra"]
[Source "ChessBase"]
[SourceDate "2018.04.19"]
[SourceVersion "1"]
[SourceVersionDate "2018.04.19"]
[SourceQuality "1"]

1. d4 d5 2. c4 e6 3. Nc3 Be7 4. cxd5 exd5 5. Bf4 Nf6 6. e3 c6 7. Bd3 0-0 8. Nf3 Nbd7 9. h3 Re8 10. 0-0 Nf8 11. a3 Ng6 12. Bh2 Bd6 13. Bxd6 Qxd6 14. b4 Ne4 15. Qc2 Nxc3 16. Qxc3 b5 17. a4 Bd7 18. axb5 cxb5 19. Ra5 a6 20. Bxg6 hxg6 21. Ne5 Rec8 22. Qa3 Be8 23. Ra1 f6 24. Nd3 Rc6 25. Nc5 Rc7 26. Rxa6 Rxa6 27. Qxa6 Qxa6 28. Rxa6 Kf7 29. Kf1 g5 30. Ke2 Kg6 31. Kd3 Kf7 32. f3 Kg6 33. e4 dxe4+ 34. fxe4 Kf7 35. d5 Rc8 36. Kd4 g6 37. Ra7+ Kf8 38. Ne6+ Kg8 39. Nc5 Rd8 40. Ne6 Rd6 41. Kc5 1-0

[Event "BCF-chT3N 1718 (4NCL)"]
[Site "England"]
[Date "2018.03.18"]
[Round "8.65"]
[White "Somton, Anita"]
[Black "Reed, John"]
[Result "1/2-1/2"]
[WhiteElo "1796"]
[BlackElo "1891"]
[PlyCount "47"]
[EventDate "2017.11.11"]
[EventType "team-swiss"]
[EventRounds "11"]
[EventCountry "ENG"]
[SourceTitle "EXT 2020"]
[Source "ChessBase"]
[SourceDate "2019.10.17"]
[SourceVersion "1"]
[SourceVersionDate "2019.10.17"]
[SourceQuality "1"]
[WhiteTeam "Ashfield Breadsall"]
[BlackTeam "Manchester Manticores II"]
[WhiteTeamCountry "ENG"]
[BlackTeamCountry "ENG"]

1. d4 Nf6 2. c4 d6 3. Nc3 e5 4. dxe5 dxe5 5. Qxd8+ Kxd8 6. Bg5 Be6 7. 0-0-0+ Kc8 8. e4 c6 9. f3 a5 10. Na4 Nfd7 11. Kb1 Kc7 12. Be3 Na6 13. f4 Ndc5 14. Nc3 exf4 15. Bxf4+ Kb6 16. Be3 Be7 17. Nf3 Rad8 18. Be2 f6 19. Nd4 Bc8 20. Nb3 Kc7 21. Nxa5 b6 22. Bf4+ Bd6 23. Bxd6+ Rxd6 24. Rxd6 1/2-1/2

[Event "BCF-chT3Nc 1516 (4NCL)"]
[Site "England"]
[Date "2016.03.20"]
[Round "8.69"]
[White "Saravanan, Karthik"]
[Black "Reed, John"]
[Result "1/2-1/2"]
[WhiteElo "1982"]
[BlackElo "2035"]
[PlyCount "115"]
[EventDate "2016.03.20"]
[EventType "team-swiss"]
[EventRounds "11"]
[EventCountry "ENG"]
[SourceTitle "EXT 2017"]
[Source "ChessBase"]
[SourceDate "2016.10.25"]
[SourceVersion "1"]
[SourceVersionDate "2016.10.25"]
[SourceQuality "1"]
[WhiteTeam "Broadland Bitterns"]
[BlackTeam "Manchester Manticores II"]
[WhiteTeamCountry "ENG"]
[BlackTeamCountry "ENG"]

1. e4 e5 2. Nf3 Nc6 3. d4 exd4 4. Nxd4 Nf6 5. Nxc6 bxc6 6. e5 Qe7 7. Qe2 Nd5 8. c4 Ba6 9. Nd2 g6 10. Nf3 Qb4+ 11. Kd1 Rb8 12. Qc2 Ne7 13. Qb3 c5 14. Bd2 Qb6 15. Bd3 Bg7 16. Ba5 Qb7 17. Bc3 0-0 18. Qxb7 Bxb7 19. Kc2 Bxf3 20. gxf3 Nc6 21. Rae1 Rfe8 22. f4 Nb4+ 23. Bxb4 cxb4 24. Rhg1 Kf8 25. b3 Rb6 26. h4 d6 27. exd6 Rxd6 28. Rxe8+ Kxe8 29. f5 Bd4 30. fxg6 hxg6 31. Re1+ Kf8 32. f3 Ra6 33. Kb1 Rf6 34. Be4 Kg7 35. Rd1 c5 36. Rd2 Rf4 37. Rh2 Kh6 38. Kc1 f5 39. Bd5 Bf6 40. Kd2 Rd4+ 41. Ke3 Bxh4 42. f4 g5 43. fxg5+ Kxg5 44. Rg2+ Kf6 45. Re2 Rd1 46. Kf3 Rf1+ 47. Kg2 Rd1 48. Re6+ Kg5 49. Re2 Be1 50. Bc6 Bc3 51. Bd5 Bd4 52. Kf3 Rf1+ 53. Kg2 Rg1+ 54. Kf3 Rf1+ 55. Kg2 Rd1 56. Kf3 Bc3 57. Rg2+ Kf6 58. Re2 1/2-1/2

[Event "Chester e2e4 op-A"]
[Site "Chester"]
[Date "2013.01.20"]
[Round "4"]
[White "Horton, Jamie A"]
[Black "Reed, John"]
[Result "1-0"]
[WhiteElo "2009"]
[BlackElo "1967"]
[PlyCount "57"]
[EventDate "2013.01.18"]
[EventType "swiss"]
[EventRounds "5"]
[EventCountry "ENG"]
[SourceTitle "CBM 152 Extra"]
[Source "ChessBase"]
[SourceDate "2013.02.25"]
[SourceVersion "1"]
[SourceVersionDate "2013.02.25"]
[SourceQuality "1"]

1. e4 e5 2. Nf3 Nc6 3. Bc4 Nf6 4. d3 Be7 5. c3 0-0 6. Bb3 d6 7. Nbd2 Kh8 8. Nf1 Ng8 9. Ne3 g6 10. g4 Be6 11. Bd2 Na5 12. Bc2 Qd7 13. d4 Bxg4 14. Nxg4 Qxg4 15. dxe5 Nc6 16. exd6 Bxd6 17. Qe2 Rad8 18. Rg1 Qh5 19. Rg5 Qh3 20. 0-0-0 h6 21. Rgg1 Qh5 22. Rde1 Rfe8 23. Be3 Kh7 24. Ng5+ hxg5 25. Qxh5+ gxh5 26. e5+ Kh8 27. exd6 f6 28. dxc7 Rd7 29. c8Q 1-0

[Event "Pornic op"]
[Site "Pornic"]
[Date "2008.08.??"]
[Round "4"]
[White "Reed, John"]
[Black "Le Goff, Ronan"]
[Result "1-0"]
[WhiteElo "2020"]
[BlackElo "1882"]
[PlyCount "67"]
[EventDate "2008.08.??"]
[EventType "swiss"]
[EventRounds "6"]
[EventCountry "FRA"]
[SourceTitle "EXT 2009"]
[Source "ChessBase"]
[SourceDate "2008.11.26"]
[SourceVersion "1"]
[SourceVersionDate "2008.11.26"]
[SourceQuality "1"]

1. d4 d5 2. c4 e6 3. Nc3 Nf6 4. Bg5 Nbd7 5. cxd5 exd5 6. e3 Be7 7. Bd3 0-0 8. Qc2 Re8 9. Nge2 c5 10. 0-0 b6 11. Bb5 a6 12. Bc6 Rb8 13. Bf4 Rf8 14. Nxd5 Nxd5 15. Bxd5 Nf6 16. Bxb8 Nxd5 17. Bg3 Nb4 18. Qd2 c4 19. e4 Nd3 20. d5 Bb4 21. Qc2 b5 22. b3 f5 23. bxc4 fxe4 24. Nd4 Bd7 25. cxb5 axb5 26. Nc6 Qe8 27. Nxb4 Nxb4 28. Qb3 Nd3 29. f3 Bf5 30. d6+ Kh8 31. fxe4 Qxe4 32. Rad1 Nc5 33. Qd5 Qc2 34. d7 1-0